000 01495nam a2200349 a 4500
001
003 DO-SdBNP
005 20210504113511.0
008 090904t2003 dr 001 0 spa d
040 _aBPMSU
_bspa
_cBPMSU
082 _aRD863.44
_bA516v 2003
_222
100 1 _aAmiama, Manuel Antonio ,
_d1899-1991
245 1 0 _a El viaje :
_bensayo de la novela de la vida capitaleña /
_c Manuel A. Amiama ; prólogo Octavio Amiama de Castro. ;cuidado de la edición Mario Súarez
246 1 4 _aEl viaje
250 _a3a. ed.
260 0 _aSanto Domingo :
_bSociedad Dominicana de Bibliófilos,
_c2003
300 _a251 p. ;
_c23 cm.
490 0 _aSociedad Dominicana de Bibliófilos
_aBibliófilos, 2000
504 _aBibliografía : p. 244
505 0 _aIntroducción / Mariano Mella -- Prólogo / Octavio Amiama de Castro -- El viaje: novela -- Cronología de Manuel A. Amiama y los principales acontecimientos nacionales -- Bibliografía.
590 _6Inventariado, 2021/VM
650 4 _aNovela dominicana
_xHistoria y crítica
650 4 _aNovela
_vEnsayos
_y1923-1940
650 4 _a Literatura dominicana
_xCrítica e interpretación
651 4 _aSanto Domingo (República Dominicana
_xVida Social Y Costumbres
_vNovela
700 1 _aSúarez , Mario
_eed.
700 1 _a Amiama de Castro, Octavio
_epról.
710 2 _aSociedad Dominicana de Bibliófilos (Reública Dominicana)
910 _aVMateo
942 _2ddc
_cBK
945 _aInventariado, 2017/MFF
999 _c13449
_d13449